[Event "IND-ch Blitz"]
[Site "Nashik"]
[Date "2022.04.30"]
[Round "1"]
[White "Bakshi, Mandar"]
[Black "Karthikeyan, Murali"]
[Result "0-1"]
[WhiteElo "1429"]
[BlackElo "2613"]
[PlyCount "41"]
[EventDate "2022.04.30"]
[EventType "swiss (blitz)"]
[EventRounds "11"]
[EventCountry "IND"]
[SourceTitle "CBM 208 Extra"]
[Source "ChessBase"]
[SourceDate "2022.07.31"]
[SourceVersion "1"]
[SourceVersionDate "2022.07.31"]
[SourceQuality "1"]

1. Nf3 Nf6 2. g3 g6 3. Bg2 Bg7 4. d4 c5 5. c3 d5 6. 0-0 Na6 7. Bf4 0-0 8. Na3 Bf5 9. Qb3 Qc8 10. Rac1 c4 11. Qd1 Nh5 12. Be3 Nc7 13. b3 b5 14. bxc4 bxc4 15. Nc2 a5 16. a4 Rb8 17. Na3 Rb3 18. Nb5 Nxb5 19. axb5 Qb7 20. Ne5 Qxb5 21. Qd2 0-1

[Event "Panchavati Resha op 3rd"]
[Site "Panchavati"]
[Date "2017.07.20"]
[Round "5"]
[White "Bakshi, Mandar"]
[Black "Gaikwad, Siddhant"]
[Result "0-1"]
[WhiteElo "1524"]
[BlackElo "2128"]
[PlyCount "78"]
[EventDate "2017.07.18"]
[EventType "swiss"]
[EventRounds "10"]
[EventCountry "IND"]
[SourceTitle "EXT 2018"]
[Source "ChessBase"]
[SourceDate "2017.10.13"]
[SourceVersion "1"]
[SourceVersionDate "2017.10.13"]
[SourceQuality "1"]

1. e4 c5 2. Nf3 d6 3. Bb5+ Nd7 4. d4 cxd4 5. Qxd4 Ngf6 6. Bg5 a6 7. Bxf6 gxf6 8. Bc4 Qb6 9. Qxb6 Nxb6 10. Bb3 Rg8 11. g3 e6 12. Nbd2 Bd7 13. 0-0-0 Rc8 14. Kb1 Bg7 15. c3 Ke7 16. Rhe1 Rc7 17. Nd4 Rgc8 18. f4 a5 19. a3 Na4 20. Nc4 Rxc4 21. Bxc4 Rxc4 22. Rd2 Rc5 23. Red1 Bc6 24. Nxc6+ Rxc6 25. f5 Bh6 26. Rd4 Nc5 27. fxe6 fxe6 28. e5 fxe5 29. Rh4 Bg7 30. Rxh7 Kf7 31. Rf1+ Kg8 32. Rh4 e4 33. b4 Na4 34. Rg4 Nxc3+ 35. Kc1 d5 36. h4 d4 37. h5 e5 38. Rf5 e3 39. Rfg5 Ne4+ 0-1